[Event "Tel Aviv"]
[Site "Tel Aviv"]
[Date "1993.??.??"]
[Round "?"]
[White "Birnboim, Nathan"]
[Black "Enoshi, Arik"]
[Result "1-0"]
[WhiteElo "2395"]
[BlackElo "2255"]
[PlyCount "91"]
[EventDate "1993.??.??"]
[EventType "tourn"]
[EventRounds "11"]
[EventCountry "ISR"]
[EventCategory "4"]
[SourceTitle "EXT 1998"]
[Source "ChessBase"]
[SourceDate "1997.11.17"]
[SourceVersion "1"]
[SourceVersionDate "1997.11.17"]
[SourceQuality "1"]

1. d4 Nf6 2. c4 g6 3. g3 Bg7 4. Bg2 0-0 5. Nf3 d6 6. 0-0 a6 7. Nc3 Nc6 8. d5 Na5 9. Nd2 c5 10. Qc2 Rb8 11. b3 b5 12. Bb2 Bh6 13. f4 bxc4 14. Nd1 cxb3 15. axb3 Qb6 16. Ra3 c4+ 17. Nf2 cxb3 18. Qc3 Nb7 19. Rxb3 Qd8 20. e4 Bg7 21. Qe3 Bd7 22. e5 Ne8 23. Bd4 Bb5 24. Bb6 Qc8 25. Bh3 Qc2 26. Rfb1 f5 27. Rc3 Qa2 28. Bg2 dxe5 29. fxe5 Qa4 30. Ba7 Rd8 31. Nh3 Rd7 32. Rbc1 Qg4 33. Nf4 Bh6 34. Qd4 Bxf4 35. gxf4 Ng7 36. Rg3 Ne6 37. Qf2 Qxf4 38. dxe6 Qxd2 39. Qxd2 Rxd2 40. Bxb7 f4 41. Rg2 Rxg2+ 42. Kxg2 Rf5 43. Rc7 Kf8 44. Kf3 h5 45. h4 Ba4 46. Be4 1-0

[Event "Tel Aviv"]
[Site "Tel Aviv"]
[Date "1993.??.??"]
[Round "?"]
[White "Enoshi, Arik"]
[Black "Haimovich, Tal"]
[Result "1/2-1/2"]
[WhiteElo "2255"]
[BlackElo "2280"]
[PlyCount "25"]
[EventDate "1993.??.??"]
[EventType "tourn"]
[EventRounds "11"]
[EventCountry "ISR"]
[EventCategory "4"]
[SourceTitle "EXT 1998"]
[Source "ChessBase"]
[SourceDate "1997.11.17"]
[SourceVersion "1"]
[SourceVersionDate "1997.11.17"]
[SourceQuality "1"]

1. e4 e6 2. d4 d5 3. e5 c5 4. c3 Nc6 5. Nf3 Nge7 6. Bd3 cxd4 7. cxd4 Nf5 8. Be3 Nxe3 9. fxe3 Be7 10. 0-0 0-0 11. Nc3 f5 12. h3 Bd7 13. g4 1/2-1/2

[Event "Tel Aviv"]
[Site "Tel Aviv"]
[Date "1993.??.??"]
[Round "?"]
[White "Enoshi, Arik"]
[Black "Kaspi, Alexander"]
[Result "1/2-1/2"]
[WhiteElo "2255"]
[BlackElo "2420"]
[PlyCount "51"]
[EventDate "1993.??.??"]
[EventType "tourn"]
[EventRounds "11"]
[EventCountry "ISR"]
[EventCategory "4"]
[SourceTitle "EXT 1998"]
[Source "ChessBase"]
[SourceDate "1997.11.17"]
[SourceVersion "1"]
[SourceVersionDate "1997.11.17"]
[SourceQuality "1"]

1. e4 c5 2. Nf3 d6 3. d4 cxd4 4. Nxd4 Nf6 5. Nc3 a6 6. Be3 e5 7. Nf3 Qc7 8. a4 Be7 9. a5 Be6 10. Be2 h6 11. 0-0 Nbd7 12. Qd3 Rc8 13. Nd2 0-0 14. Rfd1 Rfd8 15. Bf3 Nc5 16. Qe2 d5 17. exd5 Nxd5 18. Nxd5 Bxd5 19. Bxd5 Rxd5 20. Nc4 Rxd1+ 21. Qxd1 Rd8 22. Qg4 Bg5 23. b3 Bxe3 24. fxe3 Nd7 25. Qf5 g6 26. Qe4 1/2-1/2

[Event "Tel Aviv"]
[Site "Tel Aviv"]
[Date "1993.??.??"]
[Round "?"]
[White "Enoshi, Arik"]
[Black "Teplitsky, Yan"]
[Result "0-1"]
[WhiteElo "2255"]
[BlackElo "2375"]
[PlyCount "84"]
[EventDate "1993.??.??"]
[EventType "tourn"]
[EventRounds "11"]
[EventCountry "ISR"]
[EventCategory "4"]
[SourceTitle "EXT 1998"]
[Source "ChessBase"]
[SourceDate "1997.11.17"]
[SourceVersion "1"]
[SourceVersionDate "1997.11.17"]
[SourceQuality "1"]

1. e4 c5 2. Nc3 Nc6 3. g3 g6 4. Bg2 Bg7 5. f4 d6 6. Nf3 e5 7. d3 Nge7 8. 0-0 0-0 9. Be3 Nd4 10. Qd2 Qb6 11. Nd1 Bg4 12. c3 exf4 13. gxf4 Nxf3+ 14. Bxf3 Bxf3 15. Rxf3 d5 16. f5 dxe4 17. dxe4 gxf5 18. exf5 Kh8 19. Qf2 Rg8 20. Rg3 Be5 21. Bf4 Qd6 22. Bxe5+ Qxe5 23. Ne3 Rxg3+ 24. hxg3 Rg8 25. Kg2 Rg5 26. Rf1 Nd5 27. Nxd5 Qxd5+ 28. Qf3 Qxf3+ 29. Rxf3 Kg7 30. c4 Rg4 31. b3 Rd4 32. Rf2 Kf6 33. Kf1 Rd3 34. Kg2 b6 35. Kh3 Kg5 36. Kg2 f6 37. Kh3 h5 38. Kg2 Re3 39. Kh3 h4 40. Kg2 Rxg3+ 41. Kh2 Re3 42. Kg2 Kg4 0-1

[Event "Tel Aviv"]
[Site "Tel Aviv"]
[Date "1993.??.??"]
[Round "?"]
[White "Sutovsky, Emil"]
[Black "Enoshi, Arik"]
[Result "1-0"]
[WhiteElo "2340"]
[BlackElo "2255"]
[PlyCount "71"]
[EventDate "1993.??.??"]
[EventType "tourn"]
[EventRounds "11"]
[EventCountry "ISR"]
[EventCategory "4"]
[SourceTitle "EXT 1998"]
[Source "ChessBase"]
[SourceDate "1997.11.17"]
[SourceVersion "1"]
[SourceVersionDate "1997.11.17"]
[SourceQuality "1"]

1. e4 c5 2. Nf3 d6 3. d4 cxd4 4. Qxd4 Nc6 5. Bb5 Bd7 6. Bxc6 bxc6 7. c4 e5 8. Qd3 Qc7 9. Nc3 h6 10. b3 Nf6 11. 0-0 Be7 12. Bb2 Be6 13. Rac1 Nd7 14. Ba3 Nb6 15. Nd5 Bxd5 16. cxd5 c5 17. Nd2 Bg5 18. Rc3 Bxd2 19. Qxd2 0-0-0 20. Rfc1 Kb8 21. Rg3 g5 22. Rf3 Qe7 23. Bb2 Ka8 24. Qe2 f6 25. Rh3 f5 26. Rf3 fxe4 27. Qxe4 Rhf8 28. Rcc3 Qb7 29. Rcd3 Rxf3 30. Qxf3 Qh7 31. Qe2 Qf5 32. f3 Re8 33. a4 Rb8 34. Rd1 Qf4 35. Qb5 Qf6 36. a5 1-0

[Event "Tel Aviv"]
[Site "Tel Aviv"]
[Date "1988.??.??"]
[Round "?"]
[White "Csom, Istvan"]
[Black "Enoshi, Arik"]
[Result "1-0"]
[WhiteElo "2495"]
[BlackElo "2255"]
[PlyCount "79"]
[EventDate "1988.03.??"]
[EventType "tourn"]
[EventRounds "13"]
[EventCountry "ISR"]
[EventCategory "8"]
[SourceTitle "CBM 007"]
[Source "ChessBase"]
[SourceDate "1988.12.01"]
[SourceVersion "1"]
[SourceVersionDate "1988.12.01"]
[SourceQuality "1"]

1. c4 Nf6 2. Nf3 g6 3. g3 Bg7 4. Bg2 0-0 5. d4 d6 6. Nc3 a6 7. 0-0 Nc6 8. Qd3 Bf5 9. e4 Bg4 10. d5 Bxf3 11. Qxf3 Nd4 12. Qd1 Nd7 13. Be3 c5 14. dxc6 Nxc6 15. Rc1 Qa5 16. a3 Rac8 17. f4 Rfd8 18. Rf2 b5 19. cxb5 axb5 20. Nd5 Kf8 21. Rd2 Na7 22. Rxc8 Nxc8 23. Nb4 Qa4 24. Qxa4 bxa4 25. Nc6 Re8 26. e5 Ndb6 27. Rd4 dxe5 28. fxe5 e6 29. Rb4 Nd7 30. Bd4 f6 31. exf6 Bxf6 32. Rxa4 e5 33. Be3 Ne7 34. Ra7 Nb8 35. Nxb8 Rxb8 36. b4 Nf5 37. Bc5+ Kg8 38. Bd5+ Kh8 39. a4 Nd4 40. b5 1-0

[Event "Tel Aviv"]
[Site "Tel Aviv"]
[Date "1988.??.??"]
[Round "?"]
[White "Enoshi, Arik"]
[Black "Hodgson, Julian M"]
[Result "0-1"]
[WhiteElo "2255"]
[BlackElo "2480"]
[PlyCount "58"]
[EventDate "1988.03.??"]
[EventType "tourn"]
[EventRounds "13"]
[EventCountry "ISR"]
[EventCategory "8"]
[SourceTitle "CBM 007"]
[Source "ChessBase"]
[SourceDate "1988.12.01"]
[SourceVersion "1"]
[SourceVersionDate "1988.12.01"]
[SourceQuality "1"]

1. e4 c6 2. d4 d5 3. Nc3 dxe4 4. Nxe4 Nf6 5. Nxf6+ exf6 6. c3 Bd6 7. Bd3 0-0 8. Ne2 Re8 9. 0-0 Qc7 10. Ng3 Nd7 11. Qh5 Nf8 12. Ne4 Be7 13. f4 g6 14. Qh6 f5 15. Ng5 c5 16. Nxf7 c4 17. Bxf5 Bxf5 18. Ne5 Bf6 19. g4 Be4 20. Re1 Bd5 21. Re3 Rad8 22. Rg3 b6 23. Be3 Ba8 24. Rf1 b5 25. f5 Bg7 26. Qh4 Bxe5 27. dxe5 Qxe5 28. f6 Rd7 29. Bd4 Qd5 0-1

[Event "Tel Aviv"]
[Site "Tel Aviv"]
[Date "1988.??.??"]
[Round "?"]
[White "Gallagher, Joseph G"]
[Black "Enoshi, Arik"]
[Result "1-0"]
[WhiteElo "2480"]
[BlackElo "2255"]
[PlyCount "85"]
[EventDate "1988.03.??"]
[EventType "tourn"]
[EventRounds "13"]
[EventCountry "ISR"]
[EventCategory "8"]
[SourceTitle "CBM 007"]
[Source "ChessBase"]
[SourceDate "1988.12.01"]
[SourceVersion "1"]
[SourceVersionDate "1988.12.01"]
[SourceQuality "1"]

1. e4 c5 2. Nf3 d6 3. d4 cxd4 4. Nxd4 Nf6 5. Nc3 a6 6. Be3 e6 7. Qd2 Qc7 8. f3 Nbd7 9. g4 h6 10. 0-0-0 b5 11. Bd3 Nb6 12. Rhe1 Be7 13. Kb1 Nfd7 14. f4 Bb7 15. Qf2 b4 16. Nce2 Nc5 17. Ng3 Nba4 18. Nb3 Rc8 19. Bc1 Nxb3 20. axb3 Nc5 21. f5 Bh4 22. Qe2 e5 23. Rg1 0-0 24. g5 Nxd3 25. Rxd3 g6 26. gxh6 Kh7 27. fxg6+ fxg6 28. Nf5 Be7 29. Qg2 Rg8 30. Nxe7 Qxe7 31. Rg3 Qe6 32. h4 Bc6 33. Rg5 Rcd8 34. Qe2 Bb5 35. Qe3 Rdf8 36. h5 Be8 37. Qa7+ Kh8 38. Qxa6 Bf7 39. hxg6 Rxg6 40. Rxg6 Bxg6 41. Qb7 Rf7 42. Qxb4 d5 43. Qa5 1-0

[Event "Tel Aviv"]
[Site "Tel Aviv"]
[Date "1988.??.??"]
[Round "?"]
[White "Gruenfeld, Yehuda"]
[Black "Enoshi, Arik"]
[Result "1-0"]
[WhiteElo "2550"]
[BlackElo "2255"]
[PlyCount "139"]
[EventDate "1988.03.??"]
[EventType "tourn"]
[EventRounds "13"]
[EventCountry "ISR"]
[EventCategory "8"]
[SourceTitle "CBM 007"]
[Source "ChessBase"]
[SourceDate "1988.12.01"]
[SourceVersion "1"]
[SourceVersionDate "1988.12.01"]
[SourceQuality "1"]

1. Nf3 Nf6 2. c4 g6 3. Nc3 Bg7 4. e4 d6 5. d4 0-0 6. Be2 e5 7. 0-0 Nc6 8. d5 Ne7 9. Nd2 c5 10. dxc6 bxc6 11. b4 d5 12. b5 d4 13. Na4 d3 14. Bf3 cxb5 15. cxb5 Bd7 16. Rb1 Rb8 17. Nc3 Qa5 18. Bb2 Bxb5 19. Nb3 Qb6 20. Ba3 Rfe8 21. Nc5 a6 22. Nxb5 axb5 23. Nxd3 Nc6 24. Bc5 Qa5 25. Qb3 Nd7 26. Be3 Nd4 27. Qb2 Nf8 28. Bxd4 exd4 29. Rfc1 Rec8 30. Rxc8 Rxc8 31. Bd1 Rc3 32. Qe2 Ne6 33. Bb3 Qb6 34. g3 Nc5 35. Nxc5 Qxc5 36. Rd1 h6 37. Kg2 Qc6 38. Bd5 Qd7 39. Rd3 Kh7 40. Bb3 f5 41. Rxc3 dxc3 42. e5 Qc6+ 43. Kh3 c2 44. Bxc2 Bxe5 45. Bxf5 gxf5 46. Qxe5 Qd7 47. Qf6 Qd5 48. f4 Qd7 49. Kh4 Qd5 50. a3 Qd7 51. g4 fxg4 52. f5 Qe8 53. Qe6 Qd8+ 54. Kxg4 Qd4+ 55. Kf3 Qd3+ 56. Kf4 Qd2+ 57. Ke4 Qxh2 58. Qd7+ Kg8 59. Qxb5 Qc2+ 60. Qd3 Qa4+ 61. Ke5 Qe8+ 62. Kf4 Qa4+ 63. Kg3 Qc6 64. Qd4 Qc2 65. a4 h5 66. Qd5+ Kf8 67. a5 Qe2 68. Qd6+ Kg8 69. Qg6+ Kf8 70. Qf6+ 1-0

[Event "Tel Aviv"]
[Site "Tel Aviv"]
[Date "1988.??.??"]
[Round "?"]
[White "Shrentzel, Israel"]
[Black "Enoshi, Arik"]
[Result "1-0"]
[WhiteElo "2385"]
[BlackElo "2255"]
[PlyCount "69"]
[EventDate "1988.03.??"]
[EventType "tourn"]
[EventRounds "13"]
[EventCountry "ISR"]
[EventCategory "8"]
[SourceTitle "CBM 007"]
[Source "ChessBase"]
[SourceDate "1988.12.01"]
[SourceVersion "1"]
[SourceVersionDate "1988.12.01"]
[SourceQuality "1"]

1. d4 Nf6 2. c4 g6 3. Nc3 Bg7 4. Nf3 0-0 5. Bg5 h6 6. Bh4 d6 7. e3 c5 8. Be2 Bf5 9. 0-0 Nbd7 10. Nd2 g5 11. Bg3 Bg6 12. Nb3 Rc8 13. Rc1 Ne4 14. Nxe4 Bxe4 15. Bd3 Nf6 16. f4 Bxd3 17. Qxd3 Nh5 18. Be1 e6 19. Qe2 Nf6 20. fxg5 hxg5 21. dxc5 dxc5 22. e4 Nd7 23. h4 gxh4 24. Qh5 Ne5 25. Rd1 Qe8 26. Bc3 Ng6 27. Nxc5 Bxc3 28. bxc3 Rc7 29. Rf6 Kg7 30. Rxg6+ fxg6 31. Qe5+ Kh6 32. Qxc7 b6 33. Nd3 Qa4 34. Rd2 Qa3 35. Qe5 1-0

[Event "Tel Aviv"]
[Site "Tel Aviv"]
[Date "1988.??.??"]
[Round "?"]
[White "Shvidler, Eliahu"]
[Black "Enoshi, Arik"]
[Result "1-0"]
[WhiteElo "2440"]
[BlackElo "2255"]
[PlyCount "41"]
[EventDate "1988.03.??"]
[EventType "tourn"]
[EventRounds "13"]
[EventCountry "ISR"]
[EventCategory "8"]
[SourceTitle "CBM 007"]
[Source "ChessBase"]
[SourceDate "1988.12.01"]
[SourceVersion "1"]
[SourceVersionDate "1988.12.01"]
[SourceQuality "1"]

1. c4 Nf6 2. Nc3 g6 3. g3 Bg7 4. Bg2 0-0 5. e4 d6 6. Nge2 Nc6 7. 0-0 e5 8. d3 a6 9. h3 Rb8 10. Be3 b5 11. Qd2 b4 12. Nd5 Nxd5 13. cxd5 Ne7 14. d4 a5 15. dxe5 dxe5 16. Rfd1 Qd6 17. Rac1 Rb5 18. Rc4 Ba6 19. Rdc1 Rc8 20. Rc6 Nxc6 21. Rxc6 1-0